载入...

Sructural geology /

书目详细资料
主要作者: Bilings, Marland P .
格式: Printed Book
语言:English
出版: New Delhi : Prentice Hall of India Pvt Ltd. , 2001.
版:3 /
LEADER 00604cam a2200193ua 4500
020 |a 8120300599  |c 195.00 
041 |a eng 
082 |a 551.8  |b BIL/ST 
100 |a Bilings, Marland P . 
245 |a Sructural geology /   |c Marland P Bilings.  |h Textual Documents 
250 |a 3 /   |b . 
260 |a New Delhi :   |b Prentice Hall of India Pvt Ltd. ,   |c 2001. 
300 |a 606 ; . 
365 |a 195.00 
504
541 |e 20639   |h 195.00 
942 |c BK 
999 |c 37858  |d 37858 
952 |0 0  |1 0  |4 0  |6 551_800000000000000  |7 0  |9 49760  |a KAUAET  |b KAUAET  |d 2012-04-07  |m 0  |o 551.8  |p KAU_KCAET-20639  |r 2012-04-07  |w 2012-04-07  |y BK